header

Beautiful death (Record no. 177105)

MARC details
000 -LEADER
fixed length control field 01671nam a2200385 a 4500
082 04 - DEWEY DECIMAL CLASSIFICATION NUMBER
Classification number 892.4/0938296
100 1# - MAIN ENTRY--AUTHOR NAME
Personal name Einbinder, Susan L.,
245 10 - TITLE STATEMENT
Title Beautiful death
260 ## - PUBLICATION, DISTRIBUTION, ETC. (IMPRINT)
Place of publication Princeton, N.J. :
Name of publisher Princeton University Press,
Year of publication c2002.
300 ## - PHYSICAL DESCRIPTION
Number of Pages x, 219 p. :
Other physical details map.
490 1# - SERIES STATEMENT
Series statement Jews, Christians, and Muslims from the ancient to the modern world
650 #0 - SUBJECT ADDED ENTRY--TOPICAL TERM
Topical Term Hebrew literature, Medieval
Topical Term Martyrdom in literature.
Topical Term Martyrdom
Topical Term Judaism
Topical Term Jews
Topical Term Jews
856 40 - ELECTRONIC LOCATION AND ACCESS
Uniform Resource Identifier http://site.ebrary.com/lib/rucke/Doc?id=10312596

No items available.

© 2026 Rongo University
Contact us: librarian | system librarian | Rongo university